000 00439nam a2200193Ia 4500
008 151121s9999||||xx |||||||||||||| ||und||
082 _a823-/Bar
082 _bHNW-31
100 _aBarclay J।
245 4 _aThe Unknown
260 _b"The London book Co।, Ltd।"
260 _c--
300 _a242
600 _aBarclay J।
630 _aThe Unknown
700 _aBarclay J।
730 _aThe Unknown
942 _cBOOK
999 _c1209736
_d1209733